<?xml version="1.0" encoding="UTF-8"?><?xml-stylesheet type="text/xsl" href="static/style.xsl"?><OAI-PMH xmlns="http://www.openarchives.org/OAI/2.0/" xmlns:xsi="http://www.w3.org/2001/XMLSchema-instance" xsi:schemaLocation="http://www.openarchives.org/OAI/2.0/ http://www.openarchives.org/OAI/2.0/OAI-PMH.xsd"><responseDate>2026-04-28T07:03:26Z</responseDate><request verb="GetRecord" identifier="oai:riubu.ubu.es:10259/8398" metadataPrefix="marc">https://riubu.ubu.es/oai/request</request><GetRecord><record><header><identifier>oai:riubu.ubu.es:10259/8398</identifier><datestamp>2024-01-20T01:05:16Z</datestamp><setSpec>com_10259_5841</setSpec><setSpec>com_10259_5086</setSpec><setSpec>com_10259_2604</setSpec><setSpec>com_10259_4725</setSpec><setSpec>col_10259_7759</setSpec><setSpec>col_10259_8397</setSpec></header><metadata><record xmlns="http://www.loc.gov/MARC21/slim" xmlns:doc="http://www.lyncode.com/xoai" xmlns:xsi="http://www.w3.org/2001/XMLSchema-instance" xmlns:dcterms="http://purl.org/dc/terms/" xsi:schemaLocation="http://www.loc.gov/MARC21/slim http://www.loc.gov/standards/marcxml/schema/MARC21slim.xsd">
<leader>00925njm 22002777a 4500</leader>
<datafield tag="042" ind1=" " ind2=" ">
<subfield code="a">dc</subfield>
</datafield>
<datafield tag="720" ind1=" " ind2=" ">
<subfield code="a">González Alonso, María Yolanda</subfield>
<subfield code="e">author</subfield>
</datafield>
<datafield tag="720" ind1=" " ind2=" ">
<subfield code="a">Martínez Martín, Mª Ángeles</subfield>
<subfield code="e">author</subfield>
</datafield>
<datafield tag="720" ind1=" " ind2=" ">
<subfield code="a">Juan Barriuso, María Natividad de</subfield>
<subfield code="e">author</subfield>
</datafield>
<datafield tag="260" ind1=" " ind2=" ">
<subfield code="c">2018-12</subfield>
</datafield>
<datafield tag="520" ind1=" " ind2=" ">
<subfield code="a">El porcentaje de titulados universitarios con discapacidad que acceden al mundo laboral sigue siendo&#xd;
bajo a pesar de los esfuerzos realizados por la Universidad. Los objetivos son identificar las características del alumnado con discapacidad que ha finalizado sus estudios en el curso 2016-2017, en la Universidad de Burgos y analizar su transición al mercado de trabajo. Los datos son aportados por&#xd;
19 titulados con discapacidad que finalizaron sus estudios en dicho curso, a través de un cuestionario&#xd;
enviado desde la Unidad de Atención a la Diversidad de la Universidad. Se ha realizado un análisis&#xd;
descriptivo de los datos que determina el perfil de, mujer, con edad entre 22-30 años, con discapacidad física y con un porcentaje de discapacidad reconocido menor del 65%. Todos han finalizado sus&#xd;
estudios con gran satisfacción, la mayoría accedieron a través de la selectividad, con la esperanza de&#xd;
encontrar un empleo al finalizar. Los titulados que están trabajando actualmente por cuenta propia&#xd;
consideran que su trabajo está ajustado al nivel de estudios cursado. Hay que destacar la necesidad&#xd;
de dar mayor relevancia a la inclusión profesional y conseguir mayor sensibilidad por parte de las&#xd;
empresas para incorporar laboralmente a personas con discapacidad con estudios universitarios.</subfield>
</datafield>
<datafield tag="024" ind2=" " ind1="8">
<subfield code="a">978-84-17219-25-3</subfield>
</datafield>
<datafield tag="024" ind2=" " ind1="8">
<subfield code="a">http://hdl.handle.net/10259/8398</subfield>
</datafield>
<datafield ind1=" " ind2=" " tag="653">
<subfield code="a">Inclusión</subfield>
</datafield>
<datafield ind1=" " ind2=" " tag="653">
<subfield code="a">Accesibilidad</subfield>
</datafield>
<datafield ind1=" " ind2=" " tag="653">
<subfield code="a">Orientación</subfield>
</datafield>
<datafield ind1=" " ind2=" " tag="653">
<subfield code="a">Empleabilidad</subfield>
</datafield>
<datafield ind1=" " ind2=" " tag="653">
<subfield code="a">Igualdad de oportunidades</subfield>
</datafield>
<datafield tag="245" ind1="0" ind2="0">
<subfield code="a">Titulados universitarios con discapacidad y acceso al mundo laboral</subfield>
</datafield>
</record></metadata></record></GetRecord></OAI-PMH>